| 000 | 00964nam a2200277Ia 4500 | ||
|---|---|---|---|
| 999 |
_c54299 _d54299 |
||
| 001 | 21355 | ||
| 003 | GE_BSU | ||
| 005 | 20210909164212.0 | ||
| 008 | 181216s2017||||ru |||||||||||||| ||rus|| | ||
| 010 | _a9785534005806 | ||
| 040 | _cGE_BSU | ||
| 041 | _arus | ||
| 080 | _a327(075.8) К-37 | ||
| 100 |
_aКефели, И. Ф. _912415 |
||
| 245 |
_aТеория мировой политики / _cИ. Ф. Кефели, И. Г. Бутырская ; Под ред. И.Ф. Кефели. |
||
| 264 |
_aМосква : _bЮрайт, _c2017. |
||
| 300 |
_a134 стр. ; _c22 см. |
||
| 500 | _aБиблиогр. стр. 133-134 | ||
| 541 | _h36 Л. | ||
| 653 | _aПолитика | ||
| 653 | _aТеория мировой политики | ||
| 653 | _aსაერთაშორისო პოლიტიკა | ||
| 700 |
_a Бутырская, И. Г. _cАвтор _912416 |
||
| 700 |
_aКефели, И.Ф. _cРедактор _912417 |
||
| 942 |
_cBK _2udc |
||